Výskum o postavení manažérov ľudských zdrojov v Slovenskej republike

Dotazník "Manažér ľudských zdrojov" zaslaný 700 vybraným podnikom (spoločnostiam, firmám) SR. Vrátilo sa 135 platne vyplnených dotazníkov (19,2 perc. návratnosť). Popis vzorky výskumu. Hlavné výsledky základných výstupov z výskumu manažmentu ľudských zdrojov na základe výskumnej vzorky. Základné hyp...

Descrizione completa

Salvato in:
Dettagli Bibliografici
Autore principale: Mihalik, Jozef
Altri autori: Pacáková, Viera
Natura: Capitolo di libro
Lingua:slovacco
Soggetti:
Tags: Aggiungi Tag
Nessun Tag, puoi essere il primo ad aggiungerne!!

MARC

LEADER 00000naa a2200000 4500
001 r020690
005 20230424120149.1
041 0 |a slo 
044 |a SK 
245 1 0 |a Výskum o postavení manažérov ľudských zdrojov v Slovenskej republike  |c Jozef Mihalik, Viera Pacáková 
520 |a Dotazník "Manažér ľudských zdrojov" zaslaný 700 vybraným podnikom (spoločnostiam, firmám) SR. Vrátilo sa 135 platne vyplnených dotazníkov (19,2 perc. návratnosť). Popis vzorky výskumu. Hlavné výsledky základných výstupov z výskumu manažmentu ľudských zdrojov na základe výskumnej vzorky. Základné hypotézy testované pomocou vybraných štatistických metód. Hypotézy 1-7. 
610 2 0 |a manažment 
610 2 0 |a manažéri 
610 2 0 |a zdroje ľudské 
610 2 0 |a výskum 
610 2 0 |a metódy štatistické 
610 2 0 |a Slovensko 
100 1 |a Mihalik, Jozef 
700 1 |a Pacáková, Viera